| 000 | 01148nam a2200265Ia 4500 | ||
|---|---|---|---|
| 003 | IN-BaIIA | ||
| 008 | 211028s9999 xx 000 0 eng d | ||
| 020 | _a0-7923-1278-3 | ||
| 040 | _cIIA Library | ||
| 080 |
_a524.352(082.2) _bCOS |
||
| 111 |
_aNATO Advanced Study Institute Conference _cItaly _d1990 July 26- Aug. 5 _918751 |
||
| 245 | 0 |
_aCosmic rays, supernovae and the interstellar medium _bproceedings of the NATO Advanced Study Institute on Cosmic Rays, Supernovae, and the Interstellar Medium, Erice, Italy, July 26-August 5, 1990 _cedited by Maurice M. Shapiro, Rein Silberberg and John P. Wefel |
|
| 260 |
_aDordrecht _bKluwer Academic _c1991 |
||
| 300 | _aix, 350p. | ||
| 490 | _aNATO ASI series. Series C : mathematical and physical scienc | ||
| 650 | _aAstronomy and astrophysics thesaurus | ||
| 650 | _aCosmic rays | ||
| 650 |
_aInterstellar medium _93375 |
||
| 650 | _aSupernovae | ||
| 700 |
_aShapiro, Maurice M., ed. _913990 |
||
| 700 |
_aSilberberg, Rein, ed. _918752 |
||
| 700 |
_aWefel, John P., ed _918753 |
||
| 710 |
_aNATO Advanced Study Institute _95368 |
||
| 942 | _cBK | ||
| 999 |
_c10976 _d10976 |
||